Najpopularniejsi raperzy w tym tygodniu . 05-11.03 - Statystyki

Ogólne statystyki
  • Ten quiz został rozwiązany 22 razy
  • Średni wynik to 7 z 15
Statystyki odpowiedzi
Miejsce w poprzednim tygodniu Wyświetlenia Raper % Poprawnych
#1 5.81M Bedoes
79%
#12 2.90M Kizo
63%
#13 2.71M Quebonafide
63%
#14 2.55M White 2115
63%
#8 3.49M Żabson
63%
#3 4.72M Guzior
58%
#4 4.00M Szpaku
53%
#2 5.39M Sobel
47%
#10 2.95M Kabe
42%
#11 3.02M Paluch
42%
#7 3.51M Tymek
42%
#6 3.61M Kali
37%
#18 3.91M Malik Montana
37%
#9 4.18M Kubańczyk
32%
#5 3.64M Major SPZ
16%
Nie znaleziono quizów pasujących do podanych kryteriów
Rozkład punktacji
Procent ludzi z każdym wynikiem
Percentyl według liczby udzielonych odpowiedzi
Twoja historia wyników
Nie rozwiązałeś tego quizu